| 000 | 00421nam a2200145Ia 4500 | ||
|---|---|---|---|
| 008 | 240719s9999 xx 000 0 und d | ||
| 041 | _aeng | ||
| 082 | _a658.4 CHR | ||
| 100 | _aAlbright, Christian S. | ||
| 245 | _aBusiness Analytics Data Analysis And Decision Making | ||
| 250 | _a6th | ||
| 260 |
_aNew Delhi _bCengage Learning _c2015 |
||
| 300 | _a952;. P. 25 Cm | ||
| 520 | _aGifted By : IMT Faculty Dr. S. Maheswaran | ||
| 999 |
_c41353 _d41353 |
||